000 00464pam a2200157a 44500
008 230515b2019 xxu||||| |||| 00| 0 eng d
020 _aNULL
041 _aENGLISH
082 _a610.0
100 _aMS. JEENA KHUMUJAM
245 _aA STUDY TO ASSESS THE KNOWLEDGE REGARDING NEWBORN CARE AMONG PARENTS IN SELECTED HOSPITALS OF PUNE CITY.
250 _a1
260 _aPUNE
_bBHARATI VIDYAPEETH DEEMED UNIVERSITY, PUNE,
_c2019
300 _a116
650 _aNULL
999 _c532109
_d532109